Buffalo Niagara International Airport Destinations (Buffalo, NY, USA) - Statistics

General Stats
  • This quiz has been taken 124 times
    62 since last reset
  • The average score is 24 of 28
Answer Stats
Airline Destination % Correct
JetBlue Boston
98%
American Eagle Miami
98%
Frontier Airlines/JetBlue/Southwest Airlines Orlando
98%
Southwest Airlines Chicago (Midway)
96%
American Airlines/American Eagle/United Airlines/United Express Chicago (O'Hare)
96%
Delta Connection/JetBlue New York (JFK)
96%
American Eagle/Delta Connection New York (LaGuardia)
96%
Delta Air Lines/Frontier Airlines Atlanta
94%
American Airlines Dallas/Fort Worth
94%
Southwest Airlines Dallas (Love)
94%
Frontier Airlines/Southwest Airlines/United Airlines Denver
94%
Delta Air Lines/Delta Connection Detroit
94%
United Airlines/United Express Newark
92%
United Airlines/United Express Washington (Dulles)
92%
American Eagle Washington (National)
92%
American Airlines/Frontier Airlines Charlotte
90%
Southwest Airlines Baltimore
88%
American Airlines/American Eagle Philadelphia
88%
Frontier Airlines/Southwest Airlines Tampa
88%
Delta Air Lines/Sun Country Airlines Minneapolis/St. Paul
84%
JetBlue Los Angeles
82%
Southwest Airlines Nashville
82%
JetBlue/Southwest Airlines Fort Lauderdale
74%
Southwest Airlines Las Vegas
72%
Frontier Airlines/Southwest Airlines Fort Myers
66%
Southwest Airlines Phoenix (Sky Harbor)
66%
JetBlue/Southwest Airlines West Palm Beach
56%
Southwest Airlines Sarasota
42%
No matching quizzes found
Score Distribution
Percent of People with Each Score
Percentile by Number Answered
Your Score History
You have not taken this quiz since the last reset